Higher civil services in India: an appraisal (Record no. 501442)

000 -LEADER
fixed length control field 00388cam a22001217a 4500
008 - FIXED-LENGTH DATA ELEMENTS--GENERAL INFORMATION
fixed length control field 180718b1987 xxu||||| |||| 00| 0 eng d
082 ## - DEWEY DECIMAL CLASSIFICATION NUMBER
Classification number APPPA 86-87 SUR
100 ## - MAIN ENTRY--PERSONAL NAME
Personal name Suri, Balraj
245 ## - TITLE STATEMENT
Title Higher civil services in India: an appraisal
Statement of responsibility, etc. by Balraj Suri
260 ## - PUBLICATION, DISTRIBUTION, ETC.
Place of publication, distribution, etc. New Delhi
Name of publisher, distributor, etc. Indian Institute of Public Administration
Date of publication, distribution, etc. 1987
300 ## - PHYSICAL DESCRIPTION
Extent 80+p.
650 ## - SUBJECT ADDED ENTRY--TOPICAL TERM
Topical term or geographic name entry element Higher civil services-India
Holdings
Withdrawn status Lost status Damaged status Not for loan Permanent Location Current Location Date acquired Full call number Barcode Date last seen Price effective from Koha item type
        Indian Institute of Public Administration Indian Institute of Public Administration 2018-08-04 APPPA 86-87 SUR GR11972 2018-08-04 2018-08-04 GR

Powered by Koha